केदारनाथ सिंह की कविता (Record no. 200646)

MARC details
000 -LEADER
fixed length control field 00915nam a22001937a 4500
005 - DATE AND TIME OF LATEST TRANSACTION
control field 20240212113330.0
010 ## - LCCN (DPL NO)
LC control number HIN-126858
020 ## - INTERNATIONAL STANDARD BOOK NUMBER
International Standard Book Number 9788119133604
Terms of availability 495.00
035 ## - SYSTEM CONTROL NUMBER
System control number HN-99204
037 ## - SOURCE OF ACQUISITION
Source of stock number/acquisition DBAD/PUB
082 ## - DEWEY DECIMAL CLASSIFICATION NUMBER
Classification number 821.00
Edition number 1
Item number 1
100 ## - MAIN ENTRY--PERSONAL NAME
Personal name अरविंदाक्षन , ए
245 ## - TITLE STATEMENT
Title केदारनाथ सिंह की कविता
Medium हिंदी
Statement of responsibility, etc ए . अरविन्दाक्षन
260 ## - PUBLICATION, DISTRIBUTION, ETC. (IMPRINT)
Place of publication, distribution, etc प्रयागराज
Name of publisher, distributor, etc लोकभारती प्रकाशन
270 ## - ADDRESS
City प्रयागराज
Address पहली मंजिल , दरबारी बिल्डिंग , महात्मा गांधी मार्ग
Postal code 211001
300 ## - PHYSICAL DESCRIPTION
Extent 166 व्पृ..
Dimensions 22सेमी सजिल्द
700 ## - ADDED ENTRY--PERSONAL NAME
9 (RLIN) 61818
Personal name अरविन्दाक्षन
942 ## - ADDED ENTRY ELEMENTS (KOHA)
Source of classification or shelving scheme Dewey Decimal Classification
Item type Hindi Books
Classification part 821.00
Call number suffix अरव
Edition 1

No items available.


© Delhi Public Library
Hit Counter
free hit counter